Medzinárodná ekonomická integrácia rozvojových krajín (aktuálne problémy a výzvy)

Salvato in:
Dettagli Bibliografici
Autore principale: Baumgartner, Boris
Ente Autore: Ekonomická univerzita v Bratislave. Obchodná fakulta
Altri autori: Gavaľová, Viera, Drieniková, Kristína, 1982-, Trenčianska, Elena
Natura: Libro
Lingua:slovacco
Pubblicazione: Bratislava Vydavateľstvo EKONÓM 2013
Edizione:1. vyd.
Soggetti:
Tags: Aggiungi Tag
Nessun Tag, puoi essere il primo ad aggiungerne!!

MARC

LEADER 00000nam a2200000 4500
001 0176506
005 20240502073017.3
020 |a 978-80-225-3641-7 
041 0 |a slo 
044 |a SK 
245 1 0 |a Medzinárodná ekonomická integrácia rozvojových krajín  |b (aktuálne problémy a výzvy)  |c Boris Baumgartner, Viera Gavaľová ; recenzentky Kristína Drieniková, Elena Trenčianska 
250 |a 1. vyd. 
264 1 |a Bratislava  |b Vydavateľstvo EKONÓM  |c 2013 
300 |a 147 s. [8,71 AH] 
610 2 0 |a integrácia ekonomická medzinárodná 
610 2 0 |a spolupráca hospodárska medzinárodná 
610 2 0 |a spolupráca cezhraničná 
610 2 0 |a spolupráca regionálna 
610 2 0 |a krajiny rozvojové 
610 2 0 |a Latinská Amerika 
610 2 0 |a Karibská oblasť 
610 2 0 |a obchod vnútorný 
610 2 0 |a obchod zahraničný 
610 2 0 |a trh vnútorný 
610 2 0 |a trh medzinárodný 
610 2 0 |a trh zahraničný 
610 2 0 |a Ázia 
610 2 0 |a ASEAN 
610 2 0 |a Arabské štáty 
610 2 0 |a Afrika 
610 2 0 |a únie hospodárske 
100 1 |a Baumgartner, Boris 
700 1 |a Gavaľová, Viera 
700 1 |a Drieniková, Kristína, 1982- 
700 1 |a Trenčianska, Elena 
710 2 |a Ekonomická univerzita v Bratislave. Obchodná fakulta